000 00875nam a2200253Ia 4500
001 16405
003 GE_BSU
008 181216s||||||||xx |||||||||||||| ||und||
020 _a9780495802648
040 _cGE_BSU
080 _a32.001
100 _aKaarbo, Juliet; James Lee Ray
245 _aGlobal Politics
250 _a10 th Edition
260 _aUSA
260 _bWADSWORTH ,Cengane Learing
260 _c2011
300 _a590p;24cm.
541 _h303gel.
653 _aGlobal Politics
653 _aWritten in clear and accessible prose, GLOBAL POLITICS discusses the major theories of international relations and provides students with the historical background to understand global politics. This new edition is a thorough revision and reflects the latest developments in world events and the stud
653 _aპოლიტიკა
942 _cBK
999 _c49481
_d49481